Chile: un caso de subdesarrollo exitoso: del estado en forma de Portales al estado en formación de Lagos
Gardado en:
| Autor Principal: | |
|---|---|
| Formato: | Libro |
| Idioma: | Lingua castelá |
| Publicado: |
Santiago
Andrés Bello
2002
|
| Subjects: | |
| Tags: |
Engadir etiqueta
Sen Etiquetas, Sexa o primeiro en etiquetar este rexistro!
|
MARC
| LEADER | 00000nam a2200000 a 4500 | ||
|---|---|---|---|
| 001 | UCM6440 | ||
| 003 | CL-VaPUC | ||
| 008 | 021108e20020000CL |||||||||||||||||spa|d | ||
| 082 | 0 | 4 | |a 338.983 |b ROD |2 21 |
| 100 | |a Rodríguez Elizondo, José |e autor |9 331463 | ||
| 245 | 1 | 0 | |a Chile: un caso de subdesarrollo exitoso: del estado en forma de Portales al estado en formación de Lagos |
| 300 | |a 275 p | ||
| 942 | |c BK | ||
| 945 | |d 20021108 00:00:00 |a cmena | ||
| 260 | |a Santiago |b Andrés Bello |c 2002 | ||
| 650 | 0 | |a Desarrollo económico y social |9 256320 | |
| 650 | 0 | |a Partidos políticos |9 254999 | |
| 650 | 0 | |a Antropología cultural y social |9 265143 | |
| 651 | 7 | |a CHILE |2 CL-VaPUC |9 472319 | |
| 583 | |a last modification |c 20021108 00:00:00 |k Rodrigo Vera | ||
| 999 | |c 301842 |d 301840 | ||
| 952 | |0 0 |1 0 |4 0 |6 338_983000000000000_ROD_2002 |7 0 |8 A |9 361505 |a BIBHIS |b BIBHIS |d 2019-11-21 |i 3835464 |o 338.983 ROD 2002 |p 3835464 |r 2025-01-20 |w 2019-11-21 |y BK |k HIS | ||